جد يد عو ر ت کی حثيت ا و ر ا ر د و شا عر ی (Record no. 176061)

MARC details
000 -LEADER
fixed length control field 00702nam a22001937a 4500
005 - DATE AND TIME OF LATEST TRANSACTION
control field 20201026154437.0
010 ## - LCCN (DPL NO)
LC control number UR-10914
020 ## - INTERNATIONAL STANDARD BOOK NUMBER
Terms of availability 108.00
International Standard Book Number 9789389358438
035 ## - SYSTEM CONTROL NUMBER
System control number U-9469
037 ## - SOURCE OF ACQUISITION
Source of stock number/acquisition DBAD/PUB
082 ## - DEWEY DECIMAL CLASSIFICATION NUMBER
Classification number 841
100 ## - MAIN ENTRY--PERSONAL NAME
Dates associated with a name شبنم آ ر ا
245 ## - TITLE STATEMENT
Title جد يد عو ر ت کی حثيت ا و ر ا ر د و شا عر ی
Statement of responsibility, etc شبنم آ ر ا
246 ## - VARYING FORM OF TITLE
Remainder of title Jadeed Aurat Ki Hessiyat Aur Urdu Shairi (Urdu)
Title proper/short title by Shabnam Ara
260 ## - PUBLICATION, DISTRIBUTION, ETC. (IMPRINT)
Place of publication, distribution, etc N.Delhi
Name of publisher, distributor, etc Educational Publishing House
Date of publication, distribution, etc 2019 ء
270 ## - ADDRESS
Address H.O.D1/16,Ansari Road,Darya ganj,
City N.Delhi
Postal code 110002
Telephone number 45678285,23216162
Fax number 0091-11-23211540
300 ## - PHYSICAL DESCRIPTION
Extent 215 ص
Dimensions 22 Cm(Hb)
942 ## - ADDED ENTRY ELEMENTS (KOHA)
Source of classification or shelving scheme Dewey Decimal Classification
Item type Urdu Bks
Classification part 841
Call number suffix ش ب ن
Holdings
Withdrawn status Lost status Not for loan Collection code Home library Current library Date acquired Source of acquisition Cost, normal purchase price Full call number Barcode Copy number Cost, replacement price Koha item type
      Non-fiction D.B.Act.Division D.B.Act.Division 26/10/2020 DBAD/PUB 108.00 841 ش ب ن U-9469 1 108.00 Urdu Bks

© Delhi Public Library
Hit Counter
free hit counter